|
|
|
|
| LEADER |
00000cam a2200000 7i4500 |
| 001 |
0000007190 |
| 005 |
20151222.0 |
| 008 |
070828 |
| 020 |
|
|
|a 9838773220(set)
|
| 020 |
|
|
|a 9838773263
|
| 090 |
0 |
0 |
|a JF
|b REG MAL (7659)
|
| 100 |
0 |
|
|a Ziyad Naufal
|
| 245 |
1 |
0 |
|a Nabi Luth a.s dan kaumnya
|c Ziyad Naufal
|
| 260 |
|
|
|a Selangor :
|b Penerbit Prisma ,
|c 2006
|
| 440 |
|
|
|a Siri kisah para utusan Allah
|
| 500 |
|
|
|a Children ages 7-9 years old (orange)
|
| 650 |
|
0 |
|a Malay language
|x Readers
|x Islamic stories
|
| 999 |
|
|
|a 0000988860
|b Book
|c Children Collection
|e Cawangan Sri Merlong
|
| 999 |
|
|
|a 0000988862
|b Book
|c Children Collection
|e Cawangan Bukit Gambir
|
| 999 |
|
|
|a 0000988863
|b Book
|c Children Collection
|e Perbadanan Perpustakaan Awam Johor
|
| 999 |
|
|
|a 0000988864
|b Book
|c Children Collection
|e Perbadanan Perpustakaan Awam Johor
|
| 999 |
|
|
|a 0001085923
|b Book
|c Children Collection
|e Cawangan Pontian
|